LEADER 01000nam0 2200337 450 001 000025937 005 20090525150503.0 010 $a88-453-0006-4 100 $a20090525d1974----km-y0itay50------ba 101 1 $aita$ceng 102 $aIT 105 $ay-------001yy 200 1 $aTeoria ed applicazioni delle matrici$fFrank Ayres Jr. 210 $aMilano$cEtas libri$d1974 215 $a218 p.$d27 cm 225 2 $aCollana Schaum$v9 300 $aIn cop.: 340 esercizi risolti 300 $aTrad. di Walter Molon 410 0$12001$aCollana Schaum 500 10$m$aMatrices$932761 517 1 $aMatrici 610 1 $aMatrici $aEsercizi 676 $a512.943$v17$9Algebra 676 $a512.943$v18$9Matrici 700 1$aAyres,$bFrank$c$0440368 702 1$aMolon,$bWalter 801 0$aIT$bUNIPARTHENOPE$c20090525$gRICA$2UNIMARC 912 $a000025937 951 $aDISAM 512.943 4/1$bM 1809$cDISAM$d2009 996 $aMatrices$932761 997 $aUNIPARTHENOPE